Slovenský jazyk testy z prijímacích skúšok na stredné školy : cvičenia a diktáty pre opakovanie učiva

Bibliographic Details
Other Authors: Kodlová, Alžbeta (Compiler)
Format: Book
Language:Slovak
Published: Bratislava Didaktis 1993
Edition:1. vyd.
Subjects:

MARC

LEADER 00000cam a2200000 a 4500
001 vtls001074575
003 SK-MaSNL
005 20260301111042.0
008 231121s1993 xo al crf 00000 slo
015 |a SNBA1994/04 
020 |a 8085456206  |q (brožované) 
035 |a SNK000017407 
040 |a SNK  |b slo  |c SNK  |e AACR2 
041 0 |a slo 
044 |a xo  |c SK 
072 7 |a 811.162.4  |x Slovenčina  |2 konspekt 
072 7 |a 373.5/.6  |x Stredné školy  |2 konspekt 
080 |a 372.880.854(076.5)  |2 1997 
080 |a 811.162.4  |2 2011 
080 |a 373.3.016  |2 2011 
080 |a 37.091.212.2  |2 2011 
080 |a 373.5+377  |2 2011 
080 |a (079.1)  |2 2011 
080 |a (076.3)  |2 2011 
080 |a (035)  |2 2011 
245 0 0 |a Slovenský jazyk  |b testy z prijímacích skúšok na stredné školy : cvičenia a diktáty pre opakovanie učiva  |c [zostavovateľka testov: Alžbeta Kodlová] 
250 |a 1. vyd. 
260 |a Bratislava  |b Didaktis  |c 1993  |e Žilina  |f Danubiaprint 
300 |a 112 strán  |b ilustrácie, schémy, tabuľky  |c 21 cm 
500 |a Obsahuje použité skratky 
650 0 7 |a slovenčina  |2 SNKPH  |9 1350 
650 0 7 |a učivo základných škôl  |2 SNKPH  |9 63300 
650 0 7 |a prijímacie skúšky  |2 SNKPH  |9 1229 
650 0 7 |a stredné školy  |2 SNKPH  |9 1279 
655 7 |a testy  |2 SNKPH  |9 70500 
655 7 |a diktáty a cvičenia  |2 SNKPH  |9 70566 
655 7 |a príručky  |2 SNKPH  |9 74364 
700 1 |a Kodlová, Alžbeta  |4 com  |9 11355 
919 |a 80-85456-20-6 
954 |a odborná, vedecká literatúra pôvodná (slovenská)  |2 lita 
958 |a AMR 
958 |a UO 
958 |a TL 
958 |a OND 
958 |a EUIPO 
999 |c 705270  |d 707200 
952 |t P60, <04>, [BOOK], {604}  |a SNK  |b SNK  |y VYP  |7 0  |p 17A0016252  |o snkSC 85490 D1  |0 0  |1 0  |4 0  |d 1996-10-30  |l 0  |r 2004-12-31 00:00:00  |w 2026-02-23 
952 |a SNK  |b SNK  |y PREZ  |7 0  |p 17A0996122  |o snkSC 85490  |i snkKSP 2871/94  |0 0  |1 0  |4 0  |d 2012-08-15  |f 1  |l 0  |r 2025-08-27 00:00:00  |w 2026-02-23